[Event "Sinquefield Cup 2nd"]
[Site "Saint Louis"]
[Date "2014.09.05"]
[Round "9"]
[White "Caruana, Fabiano"]
[Black "Nakamura, Hikaru"]
[Result "1/2-1/2"]
[WhiteElo "2801"]
[BlackElo "2787"]
[Annotator "Szabo,Kr"]
[PlyCount "110"]
[EventDate "2014.08.27"]
[EventType "tourn"]
[EventRounds "10"]
[EventCountry "USA"]
[EventCategory "23"]
[SourceTitle "CBM 162"]
[Source "ChessBase"]
[SourceDate "2014.09.17"]
[SourceVersion "1"]
[SourceVersionDate "2014.09.17"]
[SourceQuality "1"]

1. e4 e5 2. Nf3 Nc6 3. Bb5 Nf6 4. O-O Nxe4 5. d4 Nd6 6. Bxc6 dxc6 7. dxe5 Nf5
8. Qxd8+ Kxd8 9. h3 Ke8 10. Nc3 h5 ({In the previous round Topalov played} 
10... Ne7 {against Nakamura} 11. Ne4 Ng6 12. Re1 h6 13. Kh2 c5 {with a
difficult game; later Black managed to win.}) 11. Bf4 Be7 12. Rad1 Be6 13. Ng5
Rh6 14. Rfe1 Bb4 15. g4 hxg4 16. hxg4 Ne7 17. Nxe6 Rxe6 18. Kg2 Rd8 $146 {
A novelty by Nakamura.} ({Karjakin has had a few games with} 18... Bxc3 19.
bxc3 Rd8 (19... Nd5 20. Bd2 b5 21. f4 Kd7 22. f5 Ree8 23. Re4 {looks a little
bit more comfortable for White, Caruana-Karjakin, Sao Paulo/Bilbao 2012.}) 20.
Rxd8+ (20. Rb1 b5 21. Kg3 Rd5 22. c4 Rc5 23. Re4 a6 $11 {Karjakin-Grischuk,
Moscow rapid 2013.}) 20... Kxd8 21. Rh1 Nd5 22. Bg3 g5 $13 {Anand-Karjakin,
Khanty-Mansiysk 2014.}) 19. Rxd8+ Kxd8 20. Rd1+ Kc8 ({In the event of} 20...
Ke8 $6 21. Ne2 $1 Ng6 22. Bg3 Nxe5 23. Nd4 $36) 21. Bg3 ({Now} 21. Ne2 $6 {
could have been met by} Ng6 22. Bg3 Nxe5 23. Nd4 Re8 $15 {and Black is a
healthy P up.}) 21... Bxc3 {A logical decision. If Black doesn't take it,
White can play with his N and the b4 B is out of play.} ({For example:} 21...
f6 22. exf6 (22. f4 $5) 22... gxf6 23. Nb1 $1 $14 {and thanks to the virtual P
advantage, White is slightly better.}) 22. bxc3 {White's idea is f4-f5, so
Black has to avoid it.} Rg6 (22... f6 $6 {is dubious as} 23. f4 $1 fxe5 24. f5
$36 {and White looks nicely placed.}) (22... Nd5 $5 {was also possible,} 23.
Rd3 b5 24. f4 Rh6 {followed by Kd7 and Black can hold the position.}) 23. Rd4 {
This active move protects the g4-pawn and he prepares for Rf4 too.} f5 $5 {
A brave decision, Black would like to disrupt White's kingside's play with
this move.} 24. Bh4 (24. exf6 gxf6 25. Kf3 f5 26. gxf5 Nxf5 $11 {should be an
equal endgame.}) 24... c5 $1 {The only move.} ({Of course} 24... Nd5 $2 {
does not work because of} 25. c4 $1 $18 {and the N is lost.}) ({or} 24... Re6
$2 {is also bad, as} 25. gxf5 Rxe5 26. f4 $18 {and White is winning.}) 25. Rf4
Nd5 26. Rxf5 Rxg4+ 27. Bg3 Kd8 {Black has played well and he has equalised,
but in this type of practical game Black still remains under pressure.} 28. Kh3
Rg6 (28... Re4 $1 {was more active behind the e-pawn and he also avoids c3-c4,}
29. Rg5 Ke7 $1 30. Rxg7+ Ke6 {Suddenly Black's K becomes very active.} 31. Rg4
Re2 {with some counterplay,} ({or} 31... Rxg4 32. Kxg4 c4 33. f4 Ne3+ 34. Kg5
Nf5 {and Black can hold the position on the light squares.})) 29. c4 Ne7 $6 {
A logical move, but it is an inaccuracy.} (29... Nc3 $1 {was the best, but
this is not a human move,} 30. Rf7 Ne2 $1 {Black's N is very cheeky!} 31. Bh2 (
31. e6 Nxg3 32. Rd7+ $1 Kc8 33. Re7 Kd8 $11) 31... Nd4 32. f4 Rh6+ 33. Kg3 Rg6+
34. Kh3 (34. Kf2 Ra6 $132 {with unpleasant counterplay.}) 34... Rh6+ {and a
draw.}) 30. Rf8+ Kd7 31. f4 $1 {Suddenly White is very fast with his f-pawn.}
Ke6 $2 {Black would like to put his N to f5, but White is very fast. After
this mistake Black's position becomes almost losing.} (31... Rh6+ {was more
solid, but} 32. Kg4 g6 33. Bh4 Nf5 34. Bg5 Rh7 35. Rg8 Rg7 36. Rd8+ Ke6 37. Bf6
Rh7 38. Kg5 $16 {and Black is in trouble.}) 32. Bh4 $1 Rh6 (32... Nf5 $2 {
could have been met by} 33. Bg5 $18 {and Black has no hope.}) 33. Re8 g5 34.
fxg5 Rg6 35. Kg4 Kf7 36. Rh8 Ra6 37. Rh7+ Kf8 38. Rh6 ({Probably} 38. Bf2 $1 {
was stronger,} b6 39. e6 Rxa2 40. Bg3 Rxc2 41. Rh8+ Ng8 42. e7+ $18 {and White
is winning.}) 38... Ng6 39. Kf5 ({The pretty} 39. e6 $1 $18 {was immediately
winning for White.}) 39... Kg7 $6 (39... Kf7 40. Bf2 Ne7+ 41. Ke4 $18) (39...
Ne7+ 40. Kg4 Ng6 {was a repetition, but after the 40th move White has extra
time again and he can find the win.}) 40. Bf2 $2 {Caruana missed the immediate
win in time trouble.} (40. Rxg6+ $1 {was the elegant sacrifice,} Rxg6 41. e6 $1
Kh7 42. e7 Rg8 43. Kf6 $18 {and Black can resign.}) 40... Ne7+ {After the time
control, Black survives the most difficult problems, but still White's chances
are better.} 41. Ke4 ({The engine suggests} 41. Kg4 Rxa2 (41... Ra4 $2 42. Kh5
$18 Rxc4 43. g6 $18) 42. Bxc5 {and still White's pressure is hard.}) 41... Ra4
$1 {Nakamura finds the only practical chance.} 42. Re6 $6 {After this move
Black will make a draw.} (42. Kd3 $1 {was the last possibility} Ng6 (42... Nc6
43. e6 $16) 43. e6 $1 {and still White has good chances.}) 42... Nc6 $1 43. Kf5
Rxc4 44. Rg6+ Kf8 45. Rf6+ Kg8 $1 46. g6 Rxc2 47. Be3 Nd4+ $1 {Black forces
the R ending, which will be an easy draw.} 48. Bxd4 cxd4 49. Rf7 d3 50. Rd7
Rf2+ 51. Kg5 Rg2+ 52. Kf6 Rf2+ 53. Kg5 Rg2+ 54. Kf6 Rf2+ 55. Kg5 Rg2+ {What a
great battle!} 1/2-1/2

[Event "Baku FIDE GP"]
[Site "Baku"]
[Date "2014.10.03"]
[Round "2"]
[White "Caruana, Fabiano"]
[Black "Gelfand, Boris"]
[Result "1/2-1/2"]
[WhiteElo "2844"]
[BlackElo "2748"]
[Annotator "Szabo,Kr"]
[PlyCount "74"]
[EventDate "2014.10.02"]
[EventType "tourn"]
[EventRounds "11"]
[EventCountry "AZE"]
[EventCategory "21"]
[SourceTitle "CBM 163"]
[Source "ChessBase"]
[SourceDate "2014.11.11"]
[SourceVersion "1"]
[SourceVersionDate "2014.11.11"]
[SourceQuality "1"]

1. e4 c5 2. Nf3 d6 3. d4 cxd4 4. Nxd4 Nf6 5. Nc3 a6 6. f3 e5 7. Nb3 Be6 8. Be3
h5 9. Qd2 Nbd7 10. Nd5 Bxd5 (10... Nxd5 11. exd5 Bf5 {is the alternative line
for Black.}) 11. exd5 g6 12. Be2 {This is the most popular reaction nowadays.}
Bg7 (12... Qc7 {is the another main move.}) 13. Na5 {Caruana deviates from his
own game against Gelfand with this move. White takes under control the b7 P
and he prepares for some queenside play by c4, b4.} ({In Wijk aan Zee Caruana
played} 13. O-O O-O 14. Rac1 b6 15. h3 Re8 16. g4 {also with an extremely
complex game, which was later won by Caruana.}) 13... Qc7 {Of course Black
can't move with his b-pawn, because of Nc6.} ({Still} 13... Rb8 {was possible}
14. O-O O-O 15. c4 e4 $13 {with an unclear middlegame in Leko-Wojtaszek,
Istanbul 2012.}) 14. c4 e4 {Black immediately starts his counterplay in the
centre, he also opens the diagonal for his strong B and his d7 N is ready to
go to e5.} (14... O-O {has also been tried.}) 15. O-O ({In the event of} 15. f4
$6 Ng4 $1 16. Bxg4 hxg4 17. O-O f5 18. Rab1 Nc5 $15 {and Black looks nicely
placed, N.Mamedov-Korobov, Moscow 2011.}) 15... exf3 16. gxf3 $5 $146 {The
first new move in the game. This looks a strange at first sight, but White's
kingside is safe. It is more important to control the g4- and e4-squares.} (16.
Bxf3 {could have been met by} O-O {and Black prepares for Rae8 followed by Ne4.
} (16... Ng4 17. Bf4)) 16... O-O 17. b4 Rfe8 18. Rac1 {Until this moment both
sides have been making their most useful developing moves. Now suddenly
Gelfand offers a fantastic sacrifice!} ({In the event of} 18. Bf4 $2 {to avoid
the text move, Black can win with a nice tactical line} Nxd5 $1 19. cxd5 Qb6+
20. Kg2 Bxa1 21. Rxa1 Rxe2+ $1 22. Qxe2 Qd4 $19 {and Black is winning!}) 18...
Rxe3 $1 {A great positional exchange sacrifice! Black wants to gain the dark
squares with Kh7, Bh6, all his pieces are becoming very active.} ({The natural
} 18... Re7 {to double the Rs on the e-file allows White to play} 19. Bf4 Rae8
20. Rf2 $1 $14 {followed by Bf1 and White has a comfortable middlegame.}) 19.
Qxe3 Re8 {Now Black's all pieces are becoming very active.} 20. Qd2 {Still
White wants to control the c1-h6 diagonal.} ({In the event of} 20. Qf2 Bh6 $1
21. f4 Re4 $44 ({or} 21... Ne4 $44 {and Black has an excellent compensation!}))
20... Kh7 $6 {Black continues his main plan, he is threatening to play Bh6.
Nevertheless it was a little bit slow.} (20... Qb6+ $1 {was the strongest
reply,} 21. Kh1 Bh6 $1 {This is the point! Black could save Kh7, because the
e2 B is hanging.} 22. f4 (22. Qxh6 Rxe2 $36 {with a strong initiative.}) 22...
Ne4 $44 {and Black has enough compensation.}) 21. Nb3 {A very logical move.
The N was already out of play on a5 and now he is preparing for c5.} ({The
engine suggests} 21. Kg2 $1 {This avoids the unpleasant Qb6!} Bh6 22. f4 Ne4
23. Qd3 {and White has a comfortable position.}) 21... Bh6 22. f4 Ne4 23. Qe1 (
{Now} 23. Qd3 $2 {does not work, as} Qb6+ {followed by Qxb4.}) 23... Ndf6 24.
Bd3 Qd7 $1 {A very nice reply by Gelfand. His last piece is also coming into
the attack!} 25. Rc2 $1 {White also continues with a strong reply. He would
like to play Re2, moreover he avoids the Qg4 with Rg2.} Qh3 26. Qd1 {A logical
move, but this is an inaccuracy, allowing a tactical blow for Black.} (26. Bxe4
Rxe4 27. Qc3 (27. Qg3 $2 {is weak, because of} Qf5 $1 {and White is in trouble.
}) 27... Qf5 28. Nd4 Rxd4 29. Qxd4 Qxc2 30. Qxf6 Bg7 31. Qxf7 Qe2 $1 {and
White can't avoid the perpetual check.}) ({The computer suggests the strange} 
26. Qe2 $1 Nf2 (26... Ng3 $2 {is met by} 27. Qf3 $1 $18) 27. Bxg6+ $1 fxg6 28.
Qxf2 Re4 29. Nd2 Rxf4 30. Qe2 $16 {and still Black has some pratical chances,
but White should be better.}) 26... Bxf4 $1 {Gelfand immediately takes his
chance!} 27. Qf3 ({White could have forced a draw with} 27. Rxf4 Qe3+ 28. Rff2
Nxf2 29. Rxf2 Ng4 30. Qf3 Nxf2 31. Qxf7+ Kh8 32. Qf6+ $11 {with perpetual
check.}) 27... Qxf3 28. Rxf3 Ng5 $1 {Another nice reaction.} 29. Rf1 ({Of
course} 29. Rxf4 $2 {does not work, as} Nh3+ $19 {and Black wins.}) 29... Re3
$1 30. Nc1 $6 {Too passive.} ({Probably} 30. Be2 $142 {was more accurate to
avoid Black's dangerous reply.}) 30... Ng4 $1 {Very aggressive play by
Gelfand! Still White has a material advantage, but Black is very active;
White's position becomes very difficult.} 31. c5 $1 {The best chance his
passed c-pawn.} dxc5 32. bxc5 Re8 $2 {A decisive mistake! This was Black's
first passive move, which immediately is bad.} ({The difficult} 32... Be5 $1 {
was the correct reply,} 33. c6 (33. d6 Rh3 $1 34. d7 {and now} Bxh2+ $1 35. Kg2
(35. Rxh2 Rxh2 36. d8=Q Nh3#) 35... Ne3+ 36. Kf2 Bc7 $19 {a very nice
variation by Mr.Houdini and Black is completely winning.}) 33... bxc6 34. dxc6
Bc7 $1 35. Re2 Rh3 {and White is under pressure on the kingside.}) 33. h4 $2 {
Returns the compliment. White wants to free his king's position, but he missed
his chance.} (33. Kh1 $1 {was the strongest answer and now Black can't
continue his attack. For example:} Ne3 (33... Nh3 34. Kg2 $18) (33... Be3 34.
c6 $18) 34. Re2 $1 $18 {and White is winning.}) 33... Re3 $3 {This brilliant
move forces perpetual check! Suddenly Black comes back with his R, because now
the g3 square is unprotected.} 34. hxg5 Rg3+ 35. Kh1 (35. Rg2 $2 {loses to}
Be3+ 36. Kh1 Rh3+ $19 {and mate.}) 35... Rh3+ 36. Kg2 Rg3+ 37. Kh1 Rh3+ {
What a wonderful fight!} 1/2-1/2

[Event "Baku FIDE GP"]
[Site "Baku"]
[Date "2014.10.05"]
[Round "4"]
[White "Caruana, Fabiano"]
[Black "Mamedyarov, Shakhriyar"]
[Result "1-0"]
[WhiteElo "2844"]
[BlackElo "2764"]
[Annotator "Sumets,A"]
[PlyCount "67"]
[EventDate "2014.10.02"]
[EventType "tourn"]
[EventRounds "11"]
[EventCountry "AZE"]
[EventCategory "21"]
[SourceTitle "CBM 163"]
[Source "ChessBase"]
[SourceDate "2014.11.11"]
[SourceVersion "1"]
[SourceVersionDate "2014.11.11"]
[SourceQuality "1"]

1. d4 d5 2. c4 c6 3. Nf3 Nf6 4. e3 Bg4 5. Nc3 e6 6. Qb3 Qb6 7. Nh4 Bh5 8. h3 g5
9. Nf3 h6 10. c5 {A rare line. Up to the moment, we have only 1 GM game.
However, as we can see, this move isn't harmless.} (10. Qc2 Bg6 11. Bd3 Bxd3
12. Qxd3 dxc4 13. Qxc4 Qa6 {should be enough to get an equal game:} 14. Qxa6
Nxa6 15. Ke2 c5 $6 {probably a bit premature} 16. b3 cxd4 17. Nxd4 Bc5 18. Ndb5
Ke7 19. Na4 $14 {Wojtaszek,R (2711)-Muzychuk,A (2566) Wijk aan Zee NED 2014 1/
2-1/2 (51)}) ({In the previous game Fabiano played} 10. Ne5 Nfd7 11. Nd3 Bg6 (
11... Na6 12. Qxb6 axb6 13. cxd5 exd5 14. h4 Bg7 15. hxg5 hxg5 16. Be2 Bg6 17.
Rxh8+ Bxh8 18. Bd2 Bg7 $11 {Werle,J (2511)-Petrov,N (2418) Riga LAT 2014 1/2-1/
2 (24)}) 12. h4 (12. Bd2 Na6 13. Be2 Qxb3 14. axb3 Nb4 15. Nxb4 Bxb4 16. h4 Rg8
17. hxg5 hxg5 18. f3 f6 19. c5 Kf7 20. Ra4 a5 $11 {Abasov,N (2528)-Harsha,B 
(2296) Pune IND 2014 1/2-1/2 (31)}) 12... Rg8 13. hxg5 hxg5 14. Bd2 dxc4 15.
Qxc4 Qa6 16. Nc1 Qxc4 17. Bxc4 Nb6 18. Be2 N8d7 19. e4 Be7 $11 {Caruana,F 
(2783)-Mamedyarov,S (2760) Shamkir AZE 2014 1-0 (56)}) (10. Bd3 {You can see
my annotations to the game Radjabov,T (2713)-Nakamura,H (2772) Shamkir AZE
2014 1/2-1/2 (67)}) 10... Qc7 (10... Qxb3 {would be in White's favour:} 11.
axb3 Nbd7 12. b4 a6 13. b5 cxb5 14. Bxb5 $14 {with a comfortable edge.}) 11.
Bd3 Rg8 12. Qc2 Nbd7 13. b4 Be7 $6 {I don't like this move.} ({I consider as a
stronger continuation} 13... Bg6 14. Bxg6 Rxg6 15. Bb2 ({What might be
recommended as an improvement is} 15. Rb1 h5 16. e4 (16. h4 $5 g4 $6 (16...
gxh4 17. Kf1 Rg4 18. Nxh4 b6 19. Nf3 a5 20. a3 $14) 17. Ng5 {threatening Nxe6!}
e5 18. Qf5 Be7 19. Ne2 $16) 16... Nxe4 17. Nxe4 dxe4 18. Nxg5 Be7 19. h4 $14 {
I would estimate this position in White's favour.}) 15... h5 16. Ne2 g4 17. Ne5
Nxe5 18. dxe5 Nd7 19. hxg4 Rxg4 20. Nf4 Nxe5 21. Rxh5 {1/2-1/2 Eljanov,P (2761)
-Sandipan,C (2641) Plovdiv 2010} Nc4 22. Bf6 Rxf4 $5 23. exf4 Qxf4 24. Qc3 a5
$44) 14. Bb2 g4 $6 {This leads to an unnecessary weakening of the kingside.} (
14... Bg6 15. Bxg6 Rxg6 16. Ne2 h5 17. h4 g4 18. Ng5 Rg8 19. O-O Nf8 20. Nf4
$14) 15. hxg4 Rxg4 16. Kf1 $1 $16 (16. Nh4 $2 Ne4 $1 17. Bxe4 Rxh4 18. Rxh4
Bxh4 19. Bd3 Qh2 20. g3 Be7 $36) 16... O-O-O 17. Ne2 {This is a stronger than}
(17. b5 Rdg8 18. bxc6 bxc6 19. Ne1 Bg6 20. Rxh6 e5 {with some complications.})
17... Rdg8 18. Nf4 Rxf4 $8 ({I don't think that Shakhriyar considered as an
option} 18... Bg6 19. Bxg6 fxg6 20. Nxe6 $18) 19. exf4 Bxf3 20. gxf3 Qxf4 21.
Ke2 $1 Rg2 $6 (21... h5 22. Rag1 Rh8 23. Qc3 $1 h4 24. Bc1 Qc7 25. Rg7 $16) 22.
Qc1 $1 Qg3 23. Qf1 $18 {Threatenning to take on g2.} Ng4 $5 ({A completely
hopeless position could have occurred after} 23... Qg7 24. Qxg2 $1 Qxg2 25.
Rag1 $18) 24. fxg4 Qxg4+ (24... Ne5 {doesn't work:} 25. dxe5 Qxg4+ 26. Kd2
Qxb4+ 27. Bc3 Qf4+ 28. Ke1 $18) 25. Kd2 Qf4+ 26. Ke2 Qg4+ 27. Ke1 Ne5 $1 {
The last try to complicate the game.} 28. Be2 (28. dxe5 $4 {leads to a draw}
Qxb4+ 29. Kd1 Qxb2 30. Rb1 Qd4 $44 {Black has enough compensation for the
sacrificed rook.} 31. Rb4 Qxb4 32. Qxg2 Bg5 33. f3 Qc3 34. Qc2 Qxe5 35. Rf1
Qa1+ 36. Ke2 Qe5+ 37. Kf2 Qh2+ 38. Ke1 Qe5+ 39. Be2 Qd4 40. Bd3 Qe5+ $11) 28...
Qe4 29. Kd1 Bg5 $5 {Trying to get to the white king Black sacrifices too much.
Other options were hopeless as well.} (29... Nc4 30. Bxc4 dxc4 31. Qe2 Qf4 32.
Rf1 Bg5 33. Rc1 h5 34. Rxc4 Qf5 35. Bc1 $18) (29... Ng4 30. Bxg4 Qxg4+ 31. Qe2
Qf4 32. Rf1 h5 33. Kc2 h4 34. Qd3 $18) 30. dxe5 Qxb4 31. Kc2 Qxc5+ (31... Qd2+
32. Kb1) 32. Kb1 Rxf2 33. Qd1 Qe3 34. Re1 1-0

[Event "Baku FIDE GP"]
[Site "Baku"]
[Date "2014.10.08"]
[Round "6"]
[White "Caruana, Fabiano"]
[Black "Svidler, Peter"]
[Result "1-0"]
[WhiteElo "2844"]
[BlackElo "2732"]
[Annotator "Postny,E"]
[PlyCount "65"]
[EventDate "2014.10.02"]
[EventType "tourn"]
[EventRounds "11"]
[EventCountry "AZE"]
[EventCategory "21"]
[SourceTitle "CBM 163"]
[Source "ChessBase"]
[SourceDate "2014.11.11"]
[SourceVersion "1"]
[SourceVersionDate "2014.11.11"]
[SourceQuality "1"]

1. d4 Nf6 2. c4 g6 3. f3 {Sharp and topical.} d5 4. cxd5 Nxd5 5. e4 Nb6 6. Nc3
Bg7 7. Be3 O-O 8. Qd2 Nc6 9. O-O-O Qd6 {On the top level this is the most
popular way to meet the 3.f3 line. It's curious that last year the same
players had a clash in this line ... with colours reversed!} 10. Kb1 (10. Nb5
Qd7 11. Bh6 Bxh6 12. Qxh6 a6 13. Nc3 Nxd4 14. f4 f6 15. Nf3 e5 $1 16. fxe5 fxe5
17. Nxe5 Qd6 18. Nf3 c5 19. Ng5 Qe7 20. Nd5 Nxd5 21. Bc4 Kh8 22. exd5 Qg7 23.
Qxg7+ Kxg7 24. d6 Bf5 25. b4 b6 26. Rhe1 Rfe8 $11 {1/2-1/2 (35) Svidler,P 
(2769)-Caruana,F (2774) Thessaloniki 2013}) 10... a6 $5 {Basically, a novelty
at the top level. In previous games 10...Rd8 was played automatically,
including by Caruana himself.} ({Here is a recent example from the Tromso
Olympiad:} 10... Rd8 11. Nb5 Qd7 12. d5 a6 13. Nc3 Na5 14. Qc1 Qd6 15. h4 Qb4
16. h5 Nac4 17. hxg6 hxg6 18. Bxc4 Nxc4 19. Nge2 Nxe3 20. Qxe3 Qb6 21. Qg5 Qf6
22. Qg3 b5 23. Nd4 b4 24. Na4 Bd7 $2 (24... Qd6 $1 25. Qxd6 exd6 26. Nc6 Re8
27. Nxb4 f5 $132) 25. Nc5 Qb6 26. Nxd7 Rxd7 27. Nc6 b3 28. a3 $16 {1-0 (80)
Giri,A (2745)-Gelfand,B (2753) Tromsoe 2014}) 11. h4 {In the only previous
game White chose 11.b3, but there is no reason to play it now, as Black hasn't
even created the threat of a knight move to c4 yet.} Rd8 12. d5 Ne5 $2 (12...
Na5 {is an improvement for the next game. It seems that Black has adequate
counterplay. For instance:} 13. b3 (13. Bd4 Nac4 (13... Nbc4 14. Qc1 e5 $13)
14. Qc1 e5 $13) 13... Qb4 14. Nce2 Qa3 15. Qc1 Nac4 $1 16. Nd4 (16. bxc4 $2
Qb4+ 17. Kc2 Bd7 $40) 16... Qxc1+ 17. Bxc1 c5 18. Nc2 Nd6 $11) 13. Qf2 {
Now White gets desirable regrouping and Black is not in time to create any
counterplay.} h5 (13... Nec4 14. Bc5 Qf6 15. Bxc4 Nxc4 16. Nge2 {[%cal Gh4h5,
Gg2g4] is a very harmonious setup for White with good chances for a successful
attack on the kingside.}) 14. Bc5 Qf6 15. Bd4 Qd6 (15... e6 16. Qg3 $16 {
[%cal Gf3f4]} ({But not} 16. f4 $2 Ng4 17. Bxf6 Nxf2 18. Bxd8 Bxc3 $17)) (15...
Bd7 16. g4 $1 $16 {The same idea followed in the game.}) 16. g4 $1 hxg4 17. f4
{Now the g4-square is occupied, so the knight has to retreat.} Ned7 18. e5 $2 {
Too hasty.} ({Either} 18. h5 Bxd4 19. Rxd4) ({or} 18. Nge2 {were very
attractive for White, keeping all the benefits.}) 18... Nxe5 $1 {Fabiano
clearly underestimated this piece sacrifice, even though it is forced.} (18...
Qb4 $2 19. h5 {is what White is aiming for. Black must ruin White's centre at
any cost.}) 19. fxe5 Bxe5 {Now matters became very unclear. Black has three
pawns for a piece, while White has lost his domination in the centre.} 20. Bg2
Bxd4 21. Rxd4 (21. Qxd4 Bf5+ 22. Ka1 e5 23. Qf2 Nc4 {would transpose to the
same position as in the game.}) 21... Bf5+ 22. Ka1 e5 23. Rd1 Nc4 24. h5 Qb6 $1
25. Qe2 $1 {Obviously, White must keep the queens on the board to retain
attacking chances.} (25. Qxb6 $2 cxb6 {In the endgame Black has potentially
three connected passers!}) 25... Ne3 26. Rd2 (26. Rc1 $1 {was probably better,
as the rook may be more useful on the c-file. The position is immensely
complex.} g5 $5 (26... Kg7 27. Be4 Bxe4 28. Nxe4 Qd4 29. Ng3 $14) 27. h6 $1 (
27. Na4 $2 Qd4 {Black has this resource here, compared to 26.Rd2.}) 27... Qd4
28. Nd1 Nxg2 (28... Nxd5 29. Bxd5 Rxd5 30. Qe3 $1 $14) 29. Qxg2 Qe4 (29... Be4
30. Qf1 {[%cal Gf1f6]} Qd2 31. Ne2 Bf3 32. Ndc3 $14) 30. Qh2 g3 31. h7+ Bxh7
32. Qh5 Qg6 33. Qh3 Rxd5 34. Ne3 $14) 26... Kg7 $1 (26... gxh5 $6 27. Rxh5 Qg6
28. Qxe3 $1 Qxh5 29. Nge2 {[%cal Ge2g3] White is behind in material, but his
initiative is coming.}) (26... g5 $6 27. Na4 Qa7 28. Qf2 $16) 27. Be4 Rh8 $2 {
After a series of strong moves in a critical moment Svidler goes astray and
his position collapses quickly.} (27... Bxe4 28. Nxe4 f5 $1 {Besides precise
calculation, such play requires a lot of optimism!} (28... Rxd5 $2 29. Rxd5
Nxd5 30. Qxg4 $16) 29. Ng5 Kf6 $1 30. Nh7+ Kg7 31. Qh2 $1 f4 32. Qh4 g5 $1 33.
Nxg5 Rxd5 34. N1f3 $1 (34. Rxd5 Nc2+ 35. Kb1 Na3+ $11) 34... Rxd2 (34... gxf3
$2 35. h6+ Kf6 36. Nxf3+ Ke6 37. Rc1 $40 {[%csl Re6]}) 35. Nxd2 Nc2+ 36. Kb1
Na3+ 37. Kc1 Qc6+ 38. Kd1 Qc2+ 39. Ke1 Qc1+ 40. Ke2 f3+ 41. Ngxf3 gxf3+ 42.
Nxf3 Qc4+ 43. Qxc4 Nxc4 $11) 28. Rd3 {Now Black has to go backwards.} Nc4 29.
b3 Nd6 (29... Rxh5 30. Rxh5 Bxe4 31. Nxe4 gxh5 32. bxc4 Qxg1+ 33. Rd1 Qb6 34.
Qh2 {Black has four pawns for the piece, but he won't survive the attack.}) 30.
Bxf5 Nxf5 31. Qxg4 {Black has lost an important pawn and is still under attack.
} e4 {Desperation.} 32. Nxe4 Rae8 33. Ne2 1-0